Orientácia na mestá
Aktivity na podporu programov regionálneho rozvoja. Práca poradenských stredísk pri okresných úradoch. Vznik Národnej agentúry pre rozvoj malého a stredného podnikania. Zapájanie obcí na vypracúvanie spoločných programov rozvoja. Vytváranie investičných fondov na podporu regiónov.
Salvato in:
| Autore principale: | |
|---|---|
| Natura: | Capitolo di libro |
| Lingua: | slovacco |
| Soggetti: | |
| Tags: |
Nessun Tag, puoi essere il primo ad aggiungerne!!
|
MARC
| LEADER | 00000naa a2200000 4500 | ||
|---|---|---|---|
| 001 | r000554 | ||
| 005 | 20221213123644.3 | ||
| 041 | 0 | |a slo | |
| 044 | |a SK | ||
| 245 | 1 | 0 | |a Orientácia na mestá |c V. Pánik |
| 520 | |a Aktivity na podporu programov regionálneho rozvoja. Práca poradenských stredísk pri okresných úradoch. Vznik Národnej agentúry pre rozvoj malého a stredného podnikania. Zapájanie obcí na vypracúvanie spoločných programov rozvoja. Vytváranie investičných fondov na podporu regiónov. | ||
| 610 | 2 | 0 | |a programy rozvojové |
| 610 | 2 | 0 | |a regióny |
| 610 | 2 | 0 | |a poradenstvo |
| 610 | 2 | 0 | |a podnikanie |
| 610 | 2 | 0 | |a rozvoj regionálny |
| 610 | 2 | 0 | |a mestá |
| 100 | 1 | |a Pánik, V. | |